000 00704nam a2200217 i 4500
001 142643
003 ES-MaACL
005 20250520202130.0
007 t|
008 071009s1948 sp a |||| | spa d
080 _a86-94"19"
100 1 _aVilarrubias Solanes, Felio A.
_9114827
245 1 3 _aEl llanto de Europa /
_cFelio A. Vilarrubias ; con una carta-prólogo de J. Estelrich y un dibujo de Ramón de Capmany.
250 _a1ª ed.
260 _aBarcelona :
_bMontaner y Simón,
_c1948.
300 _a200 p. :
_bil. ;
_c21 cm.
700 1 _aCapmany, Ramon de,
_d1899-1992
_934866
700 0 _aEstelrich, Joan (
_d1896-1958)
_948104
852 _aES-MaACL
_jC-5617
999 _c142643
_d142643